000
00178 a2200085 4500
020
_a
9781523469369
100
_a
RATH, SUDIPTA
245
_a
THE REAL YOU
260
_b
POTHI.COM
_c
2016
999
_c
218424
_d
218424